00620nam a22002057a 450000500170000001000140001702000250003103500130005603700130006908200120008210000180009424500600011226000350017227000860020730000290029365000240032265000250034665000200037165000230039120100807135438.0 aENG-98879 a9788190733847c80.00 aEN-82411 bDBAD/PUB a658.872 aSuryakala, M. aE-commerce and web design principles /cby M. Suryakala aChennaibSams Publishersc2008 aFlat No: 10, Annapoorna Flats, No. 3/4, 17th Street, NanganallurbChennaie600061 a107p.:bill.c21cm (pbk) aElectronic commerce aInternet advertising aWebsites-design aInternet marketing